Recital di Luciano Virgili (Record n. 99699)
[ formato base ]
| 000 -LEADER | |
|---|---|
| fixed length control field | 03444njm a2200541Ia 4500 |
| 001 - CONTROL NUMBER | |
| control field | 24690 |
| 003 - CONTROL NUMBER IDENTIFIER | |
| control field | IT-RoPAU |
| 005 - DATE AND TIME OF LATEST TRANSACTION | |
| control field | 20220918181120.0 |
| 008 - FIXED-LENGTH DATA ELEMENTS--GENERAL INFORMATION | |
| fixed length control field | 131025s9999 xx 000 0 und d |
| 040 ## - CATALOGING SOURCE | |
| Original cataloging agency | IT-RoPAU |
| 040 ## - CATALOGING SOURCE | |
| Transcribing agency | IT-RoPAU |
| 041 ## - LANGUAGE CODE | |
| Language code of text/sound track or separate title | ITALIANO |
| 999 ## - SYSTEM CONTROL NUMBERS (KOHA) | |
| Koha Dewey Subclass [OBSOLETE] | n.d. |
| 100 ## - MAIN ENTRY--PERSONAL NAME | |
| Personal name | AA.VV. |
| 9 (RLIN) | 794 |
| 100 ## - MAIN ENTRY--PERSONAL NAME | |
| Relator term | Autore musica |
| 9 (RLIN) | 11733 |
| 100 ## - MAIN ENTRY--PERSONAL NAME | |
| Miscellaneous information | Codice autore musica SPICS: 12000 |
| 9 (RLIN) | 796 |
| 245 ## - TITLE STATEMENT | |
| Title | Recital di Luciano Virgili |
| 250 ## - EDITION STATEMENT | |
| Edition statement | 2a ed. |
| 260 ## - PUBLICATION, DISTRIBUTION, ETC. (IMPRINT) | |
| Place of publication, distribution, etc. | ITALIA |
| 260 ## - PUBLICATION, DISTRIBUTION, ETC. (IMPRINT) | |
| Name of publisher, distributor, etc. | FAMILY RECORDS |
| Date of publication, distribution, etc. | 1972 [1a Ed.:1969 - Ed. Lingua Orig.: 1969] |
| 300 ## - PHYSICAL DESCRIPTION | |
| Extent | DISCO |
| 300 ## - PHYSICAL DESCRIPTION | |
| Dimensions | 32 minuti (Testo: pag.) |
| 500 ## - GENERAL NOTE | |
| General note | Canzone italiana. Recital |
| 505 ## - FORMATTED CONTENTS NOTE | |
| Formatted contents note | Prigioniero di un sogno (3:00) - Arrotino (4:00) - Piccola (2:00) - Il tango del cuore (3:00) - Campane fiorentine (3:00) - Quando dicesti si (3:00) - Serenata delle serenate (4:00) - Nulla (3:00) - Per un filino d'erba (3:00) - Cenere (3:00) - La mia storia (3:00) - Ho sognato Firenze (3:00) |
| 650 ## - SUBJECT ADDED ENTRY--TOPICAL TERM | |
| Topical term or geographic name as entry element | RECITAL [DISCHI] |
| Relator term | Codice MATERIA SPICS: 9950 |
| 9 (RLIN) | 5434 |
| 700 ## - ADDED ENTRY--PERSONAL NAME | |
| Personal name | Virgili Luciano |
| Miscellaneous information | Codice interprete SPICS: 9678 |
| Relator term | Interprete |
| 9 (RLIN) | 11734 |
| 700 ## - ADDED ENTRY--PERSONAL NAME | |
| Personal name | Innocenzi Carlo |
| Miscellaneous information | Codice autore musica SPICS: 13493 |
| Relator term | Autore musica |
| Name of part/section of a work | Prigioniero di un sogno - Serenata delle serenate |
| 9 (RLIN) | 11735 |
| 700 ## - ADDED ENTRY--PERSONAL NAME | |
| Personal name | Morbelli Riccardo |
| Miscellaneous information | Codice autore testo/musica SPICS: 13446 |
| Relator term | Autore testo/musica |
| Name of part/section of a work | Prigioniero di un sogno |
| 9 (RLIN) | 11736 |
| 700 ## - ADDED ENTRY--PERSONAL NAME | |
| Personal name | Bracchi Alfredo |
| Miscellaneous information | Codice autore musica SPICS: 13448 |
| Relator term | Autore musica |
| Name of part/section of a work | Arrotino |
| 9 (RLIN) | 11737 |
| 700 ## - ADDED ENTRY--PERSONAL NAME | |
| Personal name | Martinelli Ferruccio |
| Miscellaneous information | Codice autore testo/musica SPICS: 15762 |
| Relator term | Autore testo/musica |
| Name of part/section of a work | Arrotino |
| 9 (RLIN) | 11738 |
| 700 ## - ADDED ENTRY--PERSONAL NAME | |
| Personal name | Pizzigoni |
| Miscellaneous information | Codice autore musica SPICS: 13516 |
| Relator term | Autore musica |
| Name of part/section of a work | Piccola |
| 9 (RLIN) | 11739 |
| 700 ## - ADDED ENTRY--PERSONAL NAME | |
| Personal name | Testoni Giancarlo |
| Miscellaneous information | Codice autore testo/musica SPICS: 13524 |
| Relator term | Autore testo/musica |
| Name of part/section of a work | Piccola - La mia storia |
| 9 (RLIN) | 11740 |
| 700 ## - ADDED ENTRY--PERSONAL NAME | |
| Personal name | Medini |
| Miscellaneous information | Codice autore musica SPICS: 15783 |
| Relator term | Autore musica |
| Name of part/section of a work | Il tango del cuore |
| 9 (RLIN) | 11741 |
| 700 ## - ADDED ENTRY--PERSONAL NAME | |
| Personal name | Petruzzelli |
| Miscellaneous information | Codice autore testo/musica SPICS: 15784 |
| Relator term | Autore testo/musica |
| Name of part/section of a work | Il tango del cuore |
| 9 (RLIN) | 11742 |
| 700 ## - ADDED ENTRY--PERSONAL NAME | |
| Personal name | Tettoni Ferdinando |
| Miscellaneous information | Codice autore musica SPICS: 13515 |
| Relator term | Autore musica |
| Name of part/section of a work | Campane fiorentine |
| 9 (RLIN) | 11743 |
| 700 ## - ADDED ENTRY--PERSONAL NAME | |
| Personal name | Seren Gay Domenico |
| Miscellaneous information | Codice autore SPICS: 27457 |
| Relator term | Autore |
| Name of part/section of a work | Campane fiorentine - Quando dicesti si - Nulla - La mia storia |
| 9 (RLIN) | 11744 |
| 700 ## - ADDED ENTRY--PERSONAL NAME | |
| Personal name | Chiri |
| Miscellaneous information | Codice autore testo/musica SPICS: 13539 |
| Relator term | Autore testo/musica |
| Name of part/section of a work | Campane fiorentine |
| 9 (RLIN) | 11745 |
| 700 ## - ADDED ENTRY--PERSONAL NAME | |
| Personal name | De Lorenzo |
| Miscellaneous information | Codice autore musica SPICS: 15786 |
| Relator term | Autore musica |
| Name of part/section of a work | Quando dicesti si - Per un filino d'erba - Ho sognato Firenze |
| 9 (RLIN) | 11746 |
| 700 ## - ADDED ENTRY--PERSONAL NAME | |
| Personal name | Olivares |
| Miscellaneous information | Codice autore testo/musica SPICS: 15785 |
| Relator term | Autore testo/musica |
| Name of part/section of a work | Quando dicesti si - Per un filino d'erba - Ho sognato Firenze |
| 9 (RLIN) | 11747 |
| 700 ## - ADDED ENTRY--PERSONAL NAME | |
| Personal name | Innocenzi Carlo |
| Miscellaneous information | Codice autore musica SPICS: 13493 |
| Relator term | Autore musica |
| Name of part/section of a work | Serenata delle serenate |
| 9 (RLIN) | 11748 |
| 700 ## - ADDED ENTRY--PERSONAL NAME | |
| Personal name | Cherubini Bixio |
| Miscellaneous information | Codice autore testo/musica SPICS: 13442 |
| Relator term | Autore testo/musica |
| Name of part/section of a work | Serenata delle serenate - Cenere |
| 9 (RLIN) | 11749 |
| 700 ## - ADDED ENTRY--PERSONAL NAME | |
| Personal name | Quattrini |
| Miscellaneous information | Codice autore musica SPICS: 15788 |
| Relator term | Autore musica |
| Name of part/section of a work | Nulla |
| 9 (RLIN) | 11750 |
| 700 ## - ADDED ENTRY--PERSONAL NAME | |
| Personal name | Casasco |
| Miscellaneous information | Codice autore SPICS: 15787 |
| Relator term | Autore |
| Name of part/section of a work | Nulla |
| 9 (RLIN) | 11751 |
| 700 ## - ADDED ENTRY--PERSONAL NAME | |
| Personal name | Capotosti |
| Miscellaneous information | Codice autore SPICS: 22717 |
| Relator term | Autore |
| Name of part/section of a work | Per un filino d'erba - Ho sognato Firenze |
| 9 (RLIN) | 11752 |
| 700 ## - ADDED ENTRY--PERSONAL NAME | |
| Personal name | Piubeni |
| Miscellaneous information | Codice autore musica SPICS: 15789 |
| Relator term | Autore musica |
| Name of part/section of a work | Cenere |
| 9 (RLIN) | 11753 |
| 700 ## - ADDED ENTRY--PERSONAL NAME | |
| Personal name | Bassi |
| Miscellaneous information | Codice autore musica SPICS: 15753 |
| Relator term | Autore musica |
| Name of part/section of a work | La mia storia |
| 9 (RLIN) | 11754 |
| 942 ## - ADDED ENTRY ELEMENTS (KOHA) | |
| Koha item type | DISCHI |
| Source of classification or shelving scheme | Dewey Decimal Classification |
| Withdrawn status | Lost status | Damaged status | Not for loan | Home library | Current library | Date acquired | Total Checkouts | Full call number | Date last seen | Price effective from | Koha item type | Public note |
|---|---|---|---|---|---|---|---|---|---|---|---|---|
| Buone Condizioni | Not For Loan | SPICS-MEDIATECA | SPICS-MEDIATECA | 25/10/2013 | 24690 | 25/10/2013 | 25/10/2013 | DISCHI | Progr. Ins.: 5385 / N.Vol.: 1 / Copie: 1 - Copia rara: n.d. / date import: 01.01.2014 - By Epidotti, Trombetti, Vaglietti |